000 00724nam a2200253Ia 4500
003 OSt
005 20220923214709.0
006 a|||||r|||| 00| 0
007 ta
008 220922b |||||||| |||| 00| 0 hin d
020 _c12
024 _a171,746
037 _cTextual
040 _aARTS
_cARTS
_bhin
041 _2hin
_ahin
082 _aO152,3N271x, L2
100 _aजैन, आनन्द प्रकाश
_9157719
245 0 _aइति और हास
246 _aIti aur hāsa
260 _c1972
650 _aहिन्दी साहित्य
_9156264
942 _hO152,3N271x, L2
_cTEXL
_2CC
999 _c325887
_d325887